| 000 | 00670nam a22002177a 4500 | ||
|---|---|---|---|
| 999 |
_c11028 _d11028 |
||
| 003 | AR-CdUCM | ||
| 008 | 190402b ||||| |||| 00| 0 spa d | ||
| 040 |
_aMUNICIPALIDAD PROVINCIAL DEL CUSCO _cBIBLIOTECA MUNICIPAL DEL CUSCO |
||
| 082 |
_aEP / 372.64 / _bV64 |
||
| 100 |
_aVigil _928112 |
||
| 245 | _aLos ratones campesinos / | ||
| 260 |
_aBuenos Aires : _bEdic. Atlantida, _c1968. |
||
| 300 |
_bIlustraciones, _c32 cm. |
||
| 440 |
_aLos famosos cuentos de Vigil _928146 |
||
| 500 | _aLibro sin enumeración | ||
| 505 | _aContenido :Cuento infantil / | ||
| 650 |
_aEducación primaria _91561 |
||
| 650 |
_aCuento _94671 |
||
| 942 |
_2ddc _cLIBROS |
||
| 945 | _arjall | ||